[Event "Druzynowe Mistrzostwa Polski Juniorow - II liga"]
[Site "Sypniewo k. Jastowia"]
[Date "2024-06-17"]
[Round "6.50"]
[White "Gulinski, Maciej"]
[Black "Garwacki, Kornel"]
[Result "1-0"]
[WhiteTitle "II"]
[BlackTitle "I"]
[WhiteElo "1617"]
[BlackElo "1844"]

1. e4 e5 2. Nf3 Nc6 3. d4 exd4 4. Nxd4 Qf6 5. Nxc6 dxc6 6. Bd3 Be6 7. O-O O-O-O
8. Qe2 Bc5 9. Bd2 h5 10. Bc3 Qh6 11. b4 Be7 12. a4 Nf6 13. b5 Bg4 14. f3 Bd7 15.
Bd4 c5 16. Be3 g5 17. a5 Kb8 18. b6 cxb6 19. axb6 axb6 20. f4 Ng4 21. Bd2 Qg7
22. Bc3 f6 23. h3 Nh6 24. fxg5 Qxg5 25. Bd2 Bg4 26. Bxg5 Bxe2 27. Bf4+ Bd6 28.
Bxe2 Nf7 29. Na3 Ng5 30. Bd3 Rhg8 31. Kh2 h4 32. Bxd6+ Rxd6 33. Nc4 Re6 34. Rf4
Rh8 35. Ne3 Rhe8 36. Rxh4 Nxe4 37. Rxe4 Rxe4 38. Bxe4 Rxe4 39. Nd5 Re2 40. Ra2
b5 41. Nxf6 c4 42. Nd5 Rd2 43. Nb4 Kc7 44. c3 Rd6 45. Re2 b6 46. Re5 1-0

[Event "Druzynowe Mistrzostwa Polski Juniorow - II liga"]
[Site "Sypniewo k. Jastowia"]
[Date "2024-06-17"]
[Round "6.51"]
[White "Nowicki, Franciszek"]
[Black "Smolinski, Wojciech"]
[Result "1/2-1/2"]
[WhiteTitle "II"]
[BlackTitle "I"]
[WhiteElo "1758"]
[BlackElo "1841"]

1. d4 Nf6 2. Nc3 c5 3. Nf3 cxd4 4. Nxd4 Nc6 5. e4 d6 6. f3 e5 7. Ndb5 a6 8. Na3
b5 9. Nd5 Nxd5 10. Qxd5 Qc7 11. c3 Be6 12. Qd2 Be7 13. Nc2 O-O 14. Be2 Na5 15.
Ne3 Nc4 16. Nxc4 Bxc4 17. Bxc4 Qxc4 18. Qe2 d5 19. Qxc4 dxc4 20. Bd2 Rad8 21.
O-O-O Rd3 22. Kc2 Rfd8 23. b3 Kf8 24. bxc4 bxc4 25. Rhe1 Bc5 26. Bc1 Ke7 27. Rd2
Rxd2+ 28. Bxd2 Kd7 29. Rd1 Kc6 30. Bg5 Rb8 31. Rb1 Rxb1 32. Kxb1 f6 33. Bc1 Bg1
34. h3 g5 35. g4 Bc5 1/2-1/2

[Event "Druzynowe Mistrzostwa Polski Juniorow - II liga"]
[Site "Sypniewo k. Jastowia"]
[Date "2024-06-17"]
[Round "6.52"]
[White "Biela, Jan"]
[Black "Kurczewski, Borys"]
[Result "0-1"]
[WhiteTitle "II"]
[BlackTitle "II"]
[WhiteElo "1569"]
[BlackElo "1508"]

1. d4 Nf6 2. Bg5 d5 3. e3 e6 4. Nf3 Be7 5. Nbd2 Nbd7 6. c4 b6 7. Bd3 Bb7 8. Qc2
c5 9. O-O Rc8 10. b3 O-O 11. Rac1 h6 12. Bf4 Nh5 13. Bg3 Nxg3 14. hxg3 Nf6 15.
Ne5 cxd4 16. exd4 dxc4 17. bxc4 Qxd4 18. Ndf3 Qc5 19. Rb1 Qc7 20. Qa4 Bc5 21.
Rfe1 Rfd8 22. g4 Bxf3 23. gxf3 Nd7 24. Nxd7 Qg3+ 25. Kh1 Qxf3+ 26. Kh2 Qxf2+ 27.
Kh1 Qh4+ 0-1

[Event "Druzynowe Mistrzostwa Polski Juniorow - II liga"]
[Site "Sypniewo k. Jastowia"]
[Date "2024-06-17"]
[Round "6.53"]
[White "Michalska, Anna-maria"]
[Black "Leks, Emilia"]
[Result "1-0"]
[WhiteTitle "I"]
[BlackTitle "I"]
[WhiteElo "1607"]
[BlackElo "1519"]

1. c4 d6 2. Nc3 e5 3. g3 g6 4. Bg2 Bg7 5. e4 Nf6 6. Nge2 Nbd7 7. a3 a5 8. Rb1 c5
9. O-O O-O 10. d3 Ne8 11. Nd5 Nc7 12. Nec3 Nxd5 13. Nxd5 Nb6 14. Nxb6 Qxb6 15.
b4 axb4 16. axb4 Qa6 17. Be3 b6 18. f4 Bd7 19. f5 Qa4 20. Qe2 f6 21. h4 Qa2 22.
Rb2 Qa7 23. Qd2 Be8 24. g4 Qe7 25. Rbb1 Ra4 26. Kh2 Qa7 27. Rb2 Qe7 28. Bf3 Qa7
29. Rg1 Qe7 1-0

[Event "Druzynowe Mistrzostwa Polski Juniorow - II liga"]
[Site "Sypniewo k. Jastowia"]
[Date "2024-06-17"]
[Round "6.55"]
[White "Siwek, Leon"]
[Black "Skrzypinski, Jan"]
[Result "1/2-1/2"]
[WhiteTitle "II"]
[BlackTitle "I++"]
[WhiteElo "1602"]
[BlackElo "1942"]

1. e4 e5 2. Nf3 Nc6 3. Nc3 Nf6 4. Bb5 d6 5. h3 h6 6. d3 Bd7 7. Be3 a6 8. Bc4 g5
9. Qd2 g4 10. hxg4 Nxg4 11. O-O-O Na5 12. Bb3 Nxe3 13. fxe3 Nxb3+ 14. axb3 c6
15. Qf2 Qc7 16. Ng5 f5 17. Qf3 h5 18. Rxh5 Rg8 19. exf5 O-O-O 20. Rdh1 Kb8 21.
Nge4 d5 22. Nf6 e4 23. dxe4 Rg3 24. Nxd7+ Rxd7 25. Qe2 Bc5 26. exd5 Rxe3 27. Qc4
cxd5 28. Rh8+ Ka7 29. Qa4 Rxc3 30. bxc3 d4 31. R8h3 b5 32. Qa1 1/2-1/2

[Event "Druzynowe Mistrzostwa Polski Juniorow - II liga"]
[Site "Sypniewo k. Jastowia"]
[Date "2024-06-17"]
[Round "6.56"]
[White "Stachowiak, Bruno"]
[Black "Broszkiewicz, Stanislaw"]
[Result "1-0"]
[WhiteTitle "II+"]
[BlackTitle "II+"]
[WhiteElo "1815"]
[BlackElo "1700"]

1. e4 d5 2. exd5 Qxd5 3. Nc3 Qd6 4. d4 Nf6 5. Nf3 a6 6. g3 Bg4 7. Bg2 Nc6 8. d5
Ne5 9. Bf4 Nxf3+ 10. Bxf3 e5 11. Bg5 Bxf3 12. Qxf3 h6 13. Bxf6 Qxf6 14. Qxf6 gxf6
15. O-O-O Bb4 16. Rd3 h5 17. h4 Bxc3 18. Rxc3 O-O-O 19. Rd1 Rd6 20. Rf3 Kd7 21.
c4 Ke7 22. c5 Rd7 23. Rb3 Rb8 24. Rd2 f5 25. Kd1 b5 26. Ke2 Rbd8 27. Rbd3 e4 28.
Rd4 Kf6 29. Ke3 Ke5 30. d6 cxd6 31. cxd6 Rxd6 32. Rxd6 Rxd6 33. Rxd6 Kxd6 34.
Kf4 Ke6 35. Kg5 Ke5 36. b4 f6+ 37. Kxh5 f4 38. gxf4+ Kf5 39. Kh6 Kxf4 40. Kg6
Kf3 41. Kf5 Kxf2 42. Kxe4 Kg3 43. h5 Kg4 44. h6 f5+ 45. Kd3 f4 46. Ke4 1-0

[Event "Druzynowe Mistrzostwa Polski Juniorow - II liga"]
[Site "Sypniewo k. Jastowia"]
[Date "2024-06-17"]
[Round "6.57"]
[White "Wojciechowski, Szymon"]
[Black "Soroczynski, Mateusz"]
[Result "1-0"]
[WhiteTitle "I"]
[BlackTitle "II"]
[WhiteElo "1837"]
[BlackElo "1557"]

1. e4 c5 2. Nf3 Nc6 3. Bb5 a6 4. Bxc6 bxc6 5. b3 d5 6. Nc3 Nf6 7. e5 Nd7 8. O-O
Qc7 9. Re1 e6 10. h4 Be7 11. Qe2 a5 12. d3 Ba6 13. Bg5 h6 14. Bxe7 Kxe7 15. Qd2
Rhg8 16. Na4 Bb5 17. Qf4 Rgf8 18. Rad1 d4 19. Nb2 Nb6 20. a4 Nd5 21. Qg3 Ba6 22.
Qxg7 Rh8 23. Qg3 Rhg8 24. Qh3 Rg7 25. Kh1 Rag8 26. g3 Qb6 27. Nd2 Nc3 28. Ra1
Qd8 29. Qg2 Qd5 30. Nbc4 Qxg2+ 31. Kxg2 Bxc4 32. Nxc4 Ra8 33. f4 Rag8 34. Kf2
Rxg3 35. Rg1 R3g4 36. Rxg4 Rxg4 37. Kf3 Rxh4 38. Kg3 Rh5 39. Nxa5 f6 40. exf6+
Kxf6 41. Nxc6 Rd5 42. a5 Nb5 43. a6 Nc7 44. Ne5 Rd8 45. Ra5 Ra8 46. a7 Ke7 47.
Nc4 Nd5 48. f5 Rg8+ 49. Kf3 Ra8 50. fxe6 Kxe6 51. Kg3 Rg8+ 52. Kh4 Ra8 53. Kh5
Nf4+ 54. Kg4 Nd5 1-0

[Event "Druzynowe Mistrzostwa Polski Juniorow - II liga"]
[Site "Sypniewo k. Jastowia"]
[Date "2024-06-17"]
[Round "6.58"]
[White "Jasinski, Bartlomiej"]
[Black "Sniedziewski, Emil"]
[Result "0-1"]
[WhiteTitle "II"]
[BlackTitle "II+"]
[WhiteElo "1489"]
[BlackElo "1838"]

1. d4 e6 2. Bf4 d5 3. e3 Nf6 4. Nf3 Bd6 5. Bg3 O-O 6. c3 c5 7. Bd3 Qc7 8. Nbd2
Nbd7 9. Rc1 e5 10. dxe5 Nxe5 11. Nxe5 Bxe5 12. Nf3 Bxg3 13. hxg3 h6 14. O-O Be6
15. Qa4 a6 16. b4 Bg4 17. Rfd1 Rac8 18. bxc5 Bxf3 19. gxf3 Qxc5 20. Qb4 Rc7 21.
e4 dxe4 22. Bxe4 Nxe4 23. fxe4 Rfc8 24. Qb3 Qc4 25. Rb1 b5 26. Qa3 Qxe4 27. Qxa6
Rxc3 28. Qxb5 Rc2 29. a3 Rxf2 30. Qb7 Rg2+ 31. Kh1 Qxb7 32. Rxb7 Rxg3 33. a4 Rc4
34. Rb2 Rxa4 0-1

[Event "Druzynowe Mistrzostwa Polski Juniorow - II liga"]
[Site "Sypniewo k. Jastowia"]
[Date "2024-06-17"]
[Round "6.60"]
[White "Kubacka, Patrycja"]
[Black "Kaczmarczyk, Dominika"]
[Result "0-1"]
[WhiteTitle "II"]
[BlackTitle "II"]
[WhiteElo "1430"]
[BlackElo "1407"]

1. e4 c5 2. Nf3 g6 3. d4 cxd4 4. Qxd4 Nf6 5. e5 Nc6 6. Qa4 Nd5 7. Bd3 Bg7 8. O-O
O-O 9. Qh4 e6 10. Qxd8 Rxd8 11. Re1 a6 12. a3 b5 13. Bd2 d6 14. Bc3 Nxc3 15. Nxc3
Nxe5 16. Nxe5 Bxe5 17. Be4 Ra7 18. Rab1 Rc7 19. Re3 Bg7 20. Rd3 d5 21. Bf3 d4
22. Bd1 Bb7 23. f3 e5 24. Ne4 Rcc8 25. c3 dxc3 26. Rxd8+ Rxd8 27. Nxc3 f5 28.
Bb3+ Kf8 29. Re1 Rd2 30. Re2 Rxe2 31. Nxe2 Ke7 32. Ng3 e4 33. fxe4 fxe4 34. Bg8
Bxb2 35. Bxh7 Kf6 36. Bg8 Bxa3 37. Ne2 Ke5 38. Bf7 g5 39. Be8 b4 40. Ba4 Bd5 41.
g3 b3 42. Nc3 Bc4 43. h4 gxh4 44. gxh4 Bc1 45. Kf2 e3+ 46. Ke1 Bd2+ 47. Kd1 Bxc3
48. Bxb3 e2+ 49. Kc2 Bxb3+ 50. Kxc3 e1=Q+ 51. Kxb3 Qxh4 52. Kc3 a5 53. Kd3 Qb4
54. Ke3 a4 55. Kf3 a3 56. Ke3 a2 57. Kf3 a1=R 58. Ke3 Ra3+ 59. Ke2 Qb2+ 60. Kd1
Ra1# 0-1

[Event "Druzynowe Mistrzostwa Polski Juniorow - II liga"]
[Site "Sypniewo k. Jastowia"]
[Date "2024-06-17"]
[Round "6.61"]
[White "Wiewiora, Mateusz"]
[Black "Niesporek, Franciszek"]
[Result "0-1"]
[WhiteTitle "II"]
[BlackTitle "I"]
[WhiteElo "1739"]
[BlackElo "1782"]

1. e4 c5 2. Nf3 d6 3. d4 Nf6 4. dxc5 Nxe4 5. cxd6 Nxd6 6. c4 Nc6 7. Nc3 Bg4 8.
b3 g6 9. Be2 Bg7 10. Bb2 Qa5 11. Qd2 Rd8 12. Na4 Qxd2+ 13. Nxd2 Bxb2 14. Nxb2
Bxe2 15. Kxe2 Nd4+ 16. Kd3 N6f5 17. Ke4 Ne6 18. Nf3 Nc5+ 19. Kf4 f6 20. Rhe1 h5
21. h3 e5+ 22. Nxe5 Ne6+ 23. Kf3 Ng5+ 24. Ke2 fxe5 25. Kf1 e4 26. f4 Ne6 27. g4
hxg4 28. hxg4 Rd2 29. Kg1 Ng3 30. Re3 Rh1# 0-1

[Event "Druzynowe Mistrzostwa Polski Juniorow - II liga"]
[Site "Sypniewo k. Jastowia"]
[Date "2024-06-17"]
[Round "6.62"]
[White "Zimny, Karol"]
[Black "Burda, Igor"]
[Result "0-1"]
[WhiteTitle "II"]
[BlackTitle "II+"]
[WhiteElo "1725"]
[BlackElo "1648"]

1. e4 c6 2. Nf3 d5 3. e5 Bg4 4. Be2 e6 5. c4 Nd7 6. d4 Bxf3 7. Bxf3 dxc4 8. O-O
Ne7 9. Nd2 Nb6 10. Ne4 Nf5 11. Be3 Be7 12. Rc1 Qc7 13. Qe2 Rd8 14. Rfd1 O-O 15.
Ng3 Nxe3 16. fxe3 Rd7 17. Be4 Rfd8 18. Qg4 c5 19. h4 cxd4 20. exd4 Rxd4 21. Bxh7+
Kxh7 22. Rxd4 Rxd4 23. Qh5+ Kg8 24. Rf1 Bc5 25. Kh1 Qe7 0-1

[Event "Druzynowe Mistrzostwa Polski Juniorow - II liga"]
[Site "Sypniewo k. Jastowia"]
[Date "2024-06-17"]
[Round "6.63"]
[White "Bak, Patryk"]
[Black "Lassak, Franciszek"]
[Result "1/2-1/2"]
[WhiteTitle "II"]
[BlackTitle "II"]
[WhiteElo "1503"]
[BlackElo "1533"]

1. e4 e5 2. Nf3 Nc6 3. Bc4 Bc5 4. c3 Bb6 5. O-O d6 6. h3 Nf6 7. d3 O-O 8. Bg5 h6
9. Bh4 Ne7 10. Bxf6 gxf6 11. Nh4 Be6 12. Bxe6 fxe6 13. Qg4+ Kf7 14. Qh5+ Kg7 15.
Qg4+ Kf7 16. Qh5+ Kg7 17. Qg4+ Kf7 18. Qh5+ Kg7 19. Qg4+ Kf7 1/2-1/2

[Event "Druzynowe Mistrzostwa Polski Juniorow - II liga"]
[Site "Sypniewo k. Jastowia"]
[Date "2024-06-17"]
[Round "6.64"]
[White "Karnowka, Kacper"]
[Black "Cudyk, Oliwia"]
[Result "1-0"]
[WhiteTitle "II"]
[BlackTitle "I"]
[WhiteElo "1510"]
[BlackElo "1466"]

1. c4 e5 2. Nf3 Nc6 3. Nc3 Nf6 4. d3 Bb4 5. Bd2 d6 6. g3 O-O 7. Bg2 Re8 8. O-O
Be6 9. Ng5 h6 10. Nxe6 fxe6 11. a3 Bxc3 12. Bxc3 Rb8 13. b4 Ne7 14. Qc2 c6 15.
Qb2 Ng6 16. c5 Nd5 17. Be4 Nf8 18. Bxd5 exd5 19. cxd6 Qxd6 20. f4 d4 21. Bd2 e4
22. dxe4 Rxe4 23. Qb3+ Kh8 24. f5 Qf6 25. Qd3 Rbe8 26. Rae1 Nd7 27. e3 R8e7 28.
exd4 Rxd4 29. Qc3 Ne5 30. Kg2 Rd3 31. Qb2 Nc4 32. Qxf6 Rxd2+ 33. Kh3 gxf6 34.
Rxe7 Nxa3 35. Rfe1 Rd8 36. Rxb7 Nb5 37. Re6 Nd6 38. Rxa7 Nxf5 39. Rxf6 Nd4 40.
Rxh6+ Kg8 41. g4 Rb8 42. Rd6 Nb5 43. Rg6+ Kh8 44. Rd7 Rb6 45. Re6 Rb8 46. Rxc6
Na3 47. g5 1-0

[Event "Druzynowe Mistrzostwa Polski Juniorow - II liga"]
[Site "Sypniewo k. Jastowia"]
[Date "2024-06-17"]
[Round "6.65"]
[White "Michalak, Katarzyna"]
[Black "Nieckarz, Maja"]
[Result "1/2-1/2"]
[WhiteTitle "I"]
[BlackTitle "I++"]
[WhiteElo "1702"]
[BlackElo "1745"]

1. c4 Nf6 2. Nc3 g6 3. d3 Bg7 4. g3 e5 5. Bg2 d6 6. e4 O-O 7. Nge2 Nbd7 8. O-O
a6 9. Rb1 Rb8 10. f4 exf4 11. Nxf4 h5 12. Be3 Ng4 13. Bd2 Bd4+ 14. Kh1 Nf2+ 15.
Rxf2 Bxf2 16. Nce2 Bb6 17. Bc3 Ne5 18. h3 c6 19. Qd2 Qg5 20. Rf1 Bd8 21. Bd4 Qh6
22. Be3 Qh7 23. b3 Nd7 24. Nd4 Bf6 25. Nf3 Ne5 26. Nd4 Bg7 27. Nde2 g5 28. d4
gxf4 29. Bxf4 Be6 30. dxe5 dxe5 31. Bg5 c5 32. Be7 Rfc8 33. Qe3 b6 1/2-1/2

[Event "Druzynowe Mistrzostwa Polski Juniorow - II liga"]
[Site "Sypniewo k. Jastowia"]
[Date "2024-06-17"]
[Round "6.67"]
[White "Semenowicz, Julian"]
[Black "Sowa, Roch"]
[Result "1/2-1/2"]
[WhiteTitle "II"]
[BlackTitle "I"]
[WhiteElo "1632"]
[BlackElo "1707"]

1. Nf3 Nf6 2. e3 g6 3. b3 Bg7 4. Bb2 c5 5. c4 O-O 6. Be2 Nc6 7. O-O d5 8. d4 cxd4
9. Nxd4 Qb6 10. Nxc6 bxc6 11. Nd2 Bf5 12. Nf3 Rfd8 13. Qc1 Rac8 14. c5 Qa5 15.
a3 Ne4 16. Bxg7 Kxg7 17. b4 Qc7 18. Nd4 Bd7 19. Bd3 e5 20. Bxe4 dxe4 21. Nb3 Be6
22. Nd2 f5 23. Nc4 Bxc4 24. Qxc4 Rd3 25. Rfc1 Qb7 26. Qe6 Rd5 27. Rd1 Rcd8 28.
Rxd5 Rxd5 29. g4 Qd7 30. Qxd7+ Rxd7 31. gxf5 gxf5 32. Kf1 Kf7 33. Ke2 Ke6 34.
Rg1 f4 35. exf4 exf4 36. Rg8 Ke5 37. Re8+ Kd4 38. f3 e3 39. Re4+ Kc3 40. Rxf4
Kb3 41. Kxe3 Kxa3 42. Re4 Rd5 43. f4 Rh5 44. h4 Ka4 45. Rd4 a5 46. bxa5+ Kxa5
47. Ke4 Kb5 48. f5 Kxc5 1/2-1/2

[Event "Druzynowe Mistrzostwa Polski Juniorow - II liga"]
[Site "Sypniewo k. Jastowia"]
[Date "2024-06-17"]
[Round "6.68"]
[White "Wolak, Maciej"]
[Black "Rygiel, Kacper"]
[Result "0-1"]
[WhiteTitle "II"]
[BlackTitle "II"]
[WhiteElo "1806"]
[BlackElo "1563"]

1. e4 e6 2. d4 d5 3. Nc3 Nf6 4. e5 Nfd7 5. f4 c5 6. Nf3 Nc6 7. Be3 Qb6 8. Qd2 a6
9. Rb1 cxd4 10. Nxd4 Bc5 11. Na4 Qb4 12. Nxc5 Nxc5 13. c3 Qb6 14. b4 Ne4 15. Qc1
Qd8 16. Nf3 O-O 17. Bd3 f5 18. O-O Bd7 19. c4 Rc8 20. Qb2 Ne7 21. Rbc1 b5 22.
cxb5 Bxb5 23. Bxb5 axb5 24. Nd4 Qd7 25. Rxc8 Rxc8 26. Rc1 Rc4 27. Qa3 Kf7 28.
Qa6 Rxb4 29. Qb6 Rc4 30. Nxb5 Nc8 31. Qa6 Rxc1+ 32. Bxc1 Nc5 33. Qa5 Qc6 34. Be3
Ne4 35. a4 Kg6 36. Qc7 Qa6 37. Qc2 Qa5 38. Kf1 Ne7 39. Nd4 Qb4 40. Nxe6 Qa3 41.
Nc5 Qxe3 42. Nxe4 fxe4 43. g3 Qf3+ 44. Kg1 Qe3+ 45. Kg2 d4 46. Qc5 Qf3+ 47. Kg1
e3 48. Qd6+ Kh5 49. g4+ Qxg4+ 50. Kf1 Qxf4+ 51. Ke2 Qf2+ 52. Kd3 Qd2+ 53. Kc4
Qc3+ 54. Kb5 Qc6+ 0-1

[Event "Druzynowe Mistrzostwa Polski Juniorow - II liga"]
[Site "Sypniewo k. Jastowia"]
[Date "2024-06-17"]
[Round "6.69"]
[White "Owczarek, Marcin"]
[Black "Wolak, Jan"]
[Result "1/2-1/2"]
[WhiteTitle "II"]
[BlackTitle "II"]
[WhiteElo "1690"]
[BlackElo "1793"]

1. d4 Nf6 2. c4 g6 3. Nc3 Bg7 4. e4 d6 5. Nf3 O-O 6. Be2 e5 7. dxe5 dxe5 8. Qxd8
Rxd8 9. Bg5 c6 10. Nxe5 Re8 11. O-O-O Na6 12. Nf3 Nc5 13. Nd2 h6 14. Be3 Nfxe4
15. Ncxe4 Nxe4 16. Nxe4 Rxe4 17. Rd8+ Kh7 18. Rhd1 Bf6 19. R8d2 Be6 20. Rc2 Re8
21. g3 Bg5 22. Bxg5 hxg5 23. Bd3 Re5 24. Re2 Bg4 25. Rxe5 Rxe5 26. Rg1 Bf3 27.
Kd2 g4 28. Re1 Rxe1 29. Kxe1 Kg7 30. Kd2 Kf6 31. Ke3 Ke5 32. h4 b6 33. b4 Bd1
34. a3 c5 35. bxc5 bxc5 36. Be4 Ba4 37. Bd3 Bc6 38. Bc2 f5 39. Bb3 a5 40. Bc2
Bd7 41. Bd1 Kd6 42. Kd3 Kc6 43. Kc3 Kb6 44. Kd3 a4 45. Kc3 Ka5 1/2-1/2

[Event "Druzynowe Mistrzostwa Polski Juniorow - II liga"]
[Site "Sypniewo k. Jastowia"]
[Date "2024-06-17"]
[Round "6.70"]
[White "Kopia, Julian"]
[Black "Slys, Jan"]
[Result "0-1"]
[WhiteTitle "I"]
[BlackTitle "II"]
[WhiteElo "1563"]
[BlackElo "1625"]

1. e4 c5 2. Nc3 Nc6 3. g3 g6 4. d3 Bg7 5. Bg2 d6 6. f4 e6 7. Nf3 Nge7 8. O-O O-O
9. Be3 Nd4 10. Bf2 Rb8 11. a4 a6 12. Nxd4 cxd4 13. Ne2 e5 14. c3 dxc3 15. bxc3
Nc6 16. Ra2 Be6 17. Rd2 d5 18. Bc5 Ne7 19. exd5 Nxd5 20. Bxd5 Qxd5 21. Bxf8 Rxf8
22. d4 Bh3 23. Rf2 e4 24. c4 Qxc4 25. Qc2 Qb4 26. Rd1 Re8 27. Rb1 Qa5 28. Qb3
b5 29. axb5 axb5 30. Rd1 Qa8 31. d5 e3 32. Rf3 Bg4 33. Rxe3 Bxe2 34. Re1 Bd4 35.
R1xe2 Bxe3+ 36. Rxe3 Qa7 37. Kf2 Rxe3 38. Qxe3 Qa2+ 39. Qe2 Qxd5 40. Qe8+ Kg7
41. Qb8 Qd4+ 42. Kf3 b4 43. g4 Qc3+ 44. Ke4 b3 45. g5 b2 46. Kd5 Qd3+ 47. Kc6
Qe4+ 48. Kd7 b1=Q 49. Qa7 Qe6+ 50. Kd8 Qd3+ 51. Kc7 Qdd7+ 52. Kb8 Qee8# 0-1

[Event "Druzynowe Mistrzostwa Polski Juniorow - II liga"]
[Site "Sypniewo k. Jastowia"]
[Date "2024-06-17"]
[Round "6.71"]
[White "Kucia, Kinga"]
[Black "Branka, Julia"]
[Result "1/2-1/2"]
[WhiteTitle "I"]
[BlackTitle "I"]
[WhiteElo "1550"]
[BlackElo "1671"]

1. d4 f5 2. c4 Nf6 3. Nc3 g6 4. Nf3 Bg7 5. e3 O-O 6. Be2 d6 7. O-O Qe8 8. d5 Na6
9. Qc2 Bd7 10. a3 c6 11. Rd1 Rc8 12. dxc6 Bxc6 13. Nd4 Bd7 14. Qd2 Nc5 15. b4
Nce4 16. Nxe4 Nxe4 17. Qd3 e5 18. Nb3 Be6 19. Qc2 b5 20. Na5 Qe7 21. Bb2 bxc4
22. Rac1 Rfd8 23. b5 Qf7 24. Nc6 Rd7 25. Bxc4 Bxc4 26. Qxc4 Kf8 27. Qxf7+ Kxf7
28. Bxe5 Rcc7 29. Bxg7 Kxg7 30. Nd4 Nc5 31. h3 Kf6 32. Rc2 Rb7 33. Rc4 Ne4 34.
a4 Nc5 35. a5 Rd8 36. Nc6 Rdd7 37. Rb4 Ke6 38. b6 axb6 39. axb6 Na6 40. Rb2 d5
41. Ra1 Kd6 42. Na5 Rb8 43. Rc1 Nc5 44. Rb5 Nb7 45. Rc6+ Ke5 46. Rc7 Ke6 47. Rxd7
Kxd7 48. Rxd5+ Ke6 49. Rb5 Nxa5 50. Rxa5 Rxb6 51. Kh2 Rb2 52. Kg3 Rb6 53. Ra7
h5 54. Ra4 Kf6 55. Rd4 Re6 1/2-1/2

[Event "Druzynowe Mistrzostwa Polski Juniorow - II liga"]
[Site "Sypniewo k. Jastowia"]
[Date "2024-06-17"]
[Round "6.73"]
[White "Zmarzly, Wiktor"]
[Black "Stupak, Bartosz"]
[Result "1-0"]
[WhiteTitle "I+"]
[BlackTitle "III"]
[WhiteElo "1891"]
[BlackElo "1431"]

1. e4 c5 2. c4 Nc6 3. Nc3 d6 4. g3 g6 5. Bg2 Bg7 6. Nge2 Bd7 7. O-O e6 8. d3 Nge7
9. Be3 e5 10. f4 f5 11. Rb1 Nd4 12. fxe5 dxe5 13. Nd5 Nxd5 14. exd5 O-O 15. b4
b6 16. bxc5 bxc5 17. Nxd4 exd4 18. Bf4 g5 19. Bd6 Re8 20. Bxc5 a6 21. Bb6 Qf6
22. c5 Bb5 23. a4 Bd7 24. d6 Rab8 25. Bc7 Rxb1 26. Qxb1 Qe6 27. c6 Bc8 28. Qc1
Bf8 29. Qxg5+ Kh8 30. Qf4 Bh6 31. Qxd4+ Kg8 32. Bd5 Be3+ 33. Qxe3 Qxd5 34. Qxe8+
Kg7 35. Re1 1-0

[Event "Druzynowe Mistrzostwa Polski Juniorow - II liga"]
[Site "Sypniewo k. Jastowia"]
[Date "2024-06-17"]
[Round "6.74"]
[White "Businski, Jan"]
[Black "Reterski, Wiktor"]
[Result "0-1"]
[WhiteTitle "II"]
[BlackTitle "II+"]
[WhiteElo "1633"]
[BlackElo "1666"]

1. d4 Nf6 2. c4 e5 3. dxe5 Ng4 4. Nf3 Nc6 5. Nc3 Ngxe5 6. Nxe5 Nxe5 7. e4 g6 8.
Bf4 Bg7 9. Be2 O-O 10. Qd2 d6 11. Bh6 Be6 12. Bxg7 Kxg7 13. f4 Nc6 14. O-O f5
15. b3 fxe4 16. Nxe4 Qe7 17. Rae1 Rae8 18. Qc3+ Kg8 19. Bd3 Qg7 20. Qxg7+ Kxg7
21. Ng5 Bg4 22. h3 Bd7 23. Rxe8 Rxe8 24. f5 Bxf5 25. Bxf5 gxf5 26. Nf3 Re2 27.
Rf2 Rxf2 28. Kxf2 Nb4 29. a3 Nc2 30. a4 c5 31. Nd2 Nd4 32. Ke3 Kf6 33. Kf4 Ne6+
34. Ke3 Nd4 35. Kf4 h5 36. h4 b6 37. g3 a6 38. Nb1 b5 39. cxb5 axb5 40. Nc3 bxa4
41. bxa4 Ne6+ 42. Ke3 Nc7 43. Kd3 Ke5 44. Nb1 f4 45. gxf4+ Kxf4 46. Nd2 d5 47.
a5 Kg4 48. Ke3 d4+ 49. Ke4 Kxh4 50. Kf4 Nd5+ 51. Ke4 Nb4 52. Kf4 Kh3 53. Nb3 Kg2
54. Nxc5 h4 55. Ne4 h3 56. Ng3 h2 0-1

[Event "Druzynowe Mistrzostwa Polski Juniorow - II liga"]
[Site "Sypniewo k. Jastowia"]
[Date "2024-06-17"]
[Round "6.75"]
[White "Feseniuk, Pavlo"]
[Black "Pieszko, Antoni"]
[Result "0-1"]
[WhiteTitle "II"]
[BlackTitle "II+"]
[WhiteElo "1683"]
[BlackElo "1596"]

1. e4 c5 2. Nf3 d6 3. d4 cxd4 4. Nxd4 Nf6 5. Nc3 a6 6. f4 Nbd7 7. Qf3 Qc7 8. h3
b5 9. a3 Bb7 10. Bd3 g6 11. Be3 Bg7 12. Qf2 Nc5 13. Qf3 Nfd7 14. Qe2 O-O 15. O-O
Rac8 16. Rac1 Nb6 17. Qd2 Nc4 18. Bxc4 bxc4 19. Nde2 Nxe4 20. Nxe4 Bxe4 21. Nc3
Bc6 22. Rb1 Qa5 23. Na2 Qxd2 24. Bxd2 Bb5 25. c3 a5 26. Kf2 Rfd8 27. Be3 Rc6 28.
Nc1 e5 29. fxe5 dxe5 30. Ne2 Ba4 31. g3 f5 32. Ng1 Rd3 33. Nf3 h6 34. h4 Rc8 35.
Ke2 Rb8 36. Rfc1 Re8 37. Nd2 f4 38. Bb6 Rxg3 39. Nxc4 Bb5 40. b3 a4 41. Kf2 Re6
42. Rd1 Rxc3 43. Rd8+ Kh7 44. Nd6 Rxb3 45. Rxb3 axb3 46. Nxb5 Rxb6 47. Nc3 b2
48. Nb1 e4 49. a4 Ra6 50. Rd1 Rxa4 51. Ke2 Rc4 52. Kd2 Rd4+ 53. Ke2 f3+ 54. Ke1
f2+ 55. Ke2 Rxd1 56. Kxd1 f1=Q+ 57. Ke1 Qf4 0-1

[Event "Druzynowe Mistrzostwa Polski Juniorow - II liga"]
[Site "Sypniewo k. Jastowia"]
[Date "2024-06-17"]
[Round "6.76"]
[White "Toczylowski, Mateusz"]
[Black "Wasilewski, Mateusz"]
[Result "0-1"]
[WhiteTitle "II"]
[BlackTitle "II"]
[WhiteElo "1458"]
[BlackElo "1615"]

1. e4 c5 2. Nf3 e6 3. d4 cxd4 4. Nxd4 Nf6 5. Nc3 Bb4 6. Bd3 Nc6 7. Nxc6 bxc6 8.
O-O Qc7 9. Bg5 Be7 10. Re1 e5 11. Qf3 d6 12. h3 Be6 13. Rad1 O-O 14. Qe2 h6 15.
Bh4 Rfe8 16. Bc4 Bxc4 17. Qxc4 Rab8 18. Bxf6 Bxf6 19. Nd5 Qd7 20. Nxf6+ gxf6 21.
b3 Rbd8 22. Qd3 d5 23. Qg3+ Kh7 24. Qf3 Qe6 25. Rd3 d4 26. Red1 a5 27. a4 c5 28.
R1d2 Rg8 29. Kf1 Rc8 30. g4 c4 31. c3 cxd3 0-1

[Event "Druzynowe Mistrzostwa Polski Juniorow - II liga"]
[Site "Sypniewo k. Jastowia"]
[Date "2024-06-17"]
[Round "6.77"]
[White "Gorecka, Laura"]
[Black "Obukhava, Anastasiya"]
[Result "0-1"]
[WhiteTitle "I"]
[BlackTitle "I++"]
[WhiteElo "1529"]
[BlackElo "1814"]

1. e4 c5 2. Nf3 d6 3. d4 cxd4 4. Nxd4 Nf6 5. Nc3 a6 6. Bd3 e5 7. Nf3 Be7 8. O-O
O-O 9. Re1 Nbd7 10. Bg5 h6 11. Bh4 b5 12. a3 Bb7 13. Qd2 Nc5 14. Bf1 Nfxe4 15.
Bxe7 Nxd2 16. Bxd8 Nxf3+ 17. gxf3 Rfxd8 18. b4 Ne6 19. Bg2 Nd4 20. Rac1 Nxf3+
21. Bxf3 Bxf3 22. Re3 Bb7 23. Rd1 Kf8 24. Red3 Ke7 25. Rg3 g6 26. Rh3 h5 27. Re3
Rac8 28. f4 Ke6 29. fxe5 dxe5 30. Rde1 f6 31. Ne4 Bxe4 32. Rxe4 Rxc2 33. R4e2
Rxe2 34. Rxe2 f5 35. h4 e4 36. Kf2 Ke5 37. Rc2 f4 38. Rc5+ Rd5 39. Rc6 e3+ 40.
Kf3 Kf5 41. Rc1 Re5 42. Ke2 Ke4 43. Rf1 Rd5 44. Ke1 f3 45. Rh1 f2+ 46. Ke2 Rd2+
47. Kf1 Rd1+ 48. Kg2 Rxh1 49. Kxh1 f1=Q+ 50. Kh2 Kf3 51. a4 Qg2# 0-1

[Event "Druzynowe Mistrzostwa Polski Juniorow - II liga"]
[Site "Sypniewo k. Jastowia"]
[Date "2024-06-17"]
[Round "6.78"]
[White "Galinska, Pola"]
[Black "Sieczkowska, Hanna"]
[Result "1-0"]
[WhiteTitle "II+"]
[BlackTitle "II+"]
[WhiteElo "1568"]
[BlackElo "1412"]

1. e4 e5 2. Nf3 Nc6 3. Bb5 a6 4. Ba4 Nf6 5. d3 b5 6. Bb3 Bc5 7. c3 h6 8. Nbd2 O-O
9. O-O d5 10. exd5 Nxd5 11. Re1 Re8 12. Ne4 Be7 13. h3 Nb6 14. Qe2 Bb7 15. Nh2
Bd6 16. Qh5 Qe7 17. Bxh6 Qf8 18. Nf6+ gxf6 19. Bxf8 Rxf8 20. Qg6+ Kh8 21. Qxf6+
Kh7 22. Re4 Be7 23. Rh4+ Kg8 24. Rh8# 1-0